Sports Quiz

Random Sports or MLB Quiz

MLB by Position Quiz Stats

 Plays Quiz not verified by Sporcle

Support Sporcle.
Go Orange.
Score 0/30 Timer 10:00
0 Plays Today
Hint Answer % Correct
OF #5Cody Bellinger
100%
C #1J.T. Realmuto
94.1%
2B #1Jose Altuve
94.1%
3B #1Nolan Arenado
94.1%
C #3Yasmani Grandal
88.2%
1B #1Freddie Freeman
88.2%
1B #3Paul Goldschmidt
88.2%
3B #3Alex Bregman
88.2%
OF #1Mike Trout
88.2%
OF #3Mookie Betts
88.2%
OF #2Christian Yelich
88.2%
OF #7Aaron Judge
88.2%
P #1Gerrit Cole
88.2%
C #2Gary Sanchez
82.4%
SS #1Francisco Lindor
82.4%
Hint Answer % Correct
OF #4Ronald Acuña Jr.
82.4%
3B #2Anthony Rendon
76.5%
OF #6Bryce Harper
76.5%
OF #9Juan Soto
76.5%
1B #2Pete Alonso
70.6%
SS #2Javier Baez
70.6%
SS #3Fernando Tatis Jr.
70.6%
OF #8Starling Marte
70.6%
DH#1J.D. Martinez
70.6%
DH #2Nelson Cruz
64.7%
2B #2Gleyber Torres
58.8%
P #2Walker Buehler
58.8%
2B #3Ozzie Albies
52.9%
P #3Jack Flaherty
41.2%
DH #3Yordan Alvarez
29.4%

You're not logged in!

Compare scores with friends on all Sporcle quizzes.
OR
Log In

From the Vault

Female Author Match-Up

by Flick

Help these authors meet up with their characters.
Remove Ads.
Support Sporcle.
Get the best of Sporcle when you Go Orange. This ad-free experience offers more features, more stats, and more fun while also helping to support Sporcle. Thank you for becoming a member.

Show Comments

Extras

Created Feb 24, 2020ReportNominate
Tags:MLB Quiz, position

Top Quizzes Today


Score Distribution

Your Account Isn't Verified!

In order to create a playlist on Sporcle, you need to verify the email address you used during registration. Go to your Sporcle Settings to finish the process.

Report this User

Report this user for behavior that violates our Community Guidelines.

Details: